LIBRARY & INFORMATION CENTRE, KCAET, TAVANUR

ONLINE PUBLIC ACCESS CATALOGUE (OPAC)

Water supply engineering vol-1 ( Environmental Engineering) (Record no. 1676)

MARC details
000 -LEADER
fixed length control field 00430cam a2200169ua 4500
003 - CONTROL NUMBER IDENTIFIER
control field OSt
008 - FIXED-LENGTH DATA ELEMENTS--GENERAL INFORMATION
fixed length control field 250823b |||||||| |||| 00| 0 eng d
041 ## - LANGUAGE CODE
Language code of text/sound track or separate title eng
082 ## - DEWEY DECIMAL CLASSIFICATION NUMBER
Classification number 628.01
Item number SAN/WA
100 ## - MAIN ENTRY--AUTHOR NAME
Personal name Garg, Santhosh Kumar.
245 ## - TITLE STATEMENT
Title Water supply engineering vol-1 ( Environmental Engineering)
250 ## - EDITION STATEMENT
Edition statement 6 /
260 ## - PUBLICATION, DISTRIBUTION, ETC. (IMPRINT)
Place of publication Delhi :
Name of publisher Khanna publishers ,
Year of publication 1990.
300 ## - PHYSICAL DESCRIPTION
Number of Pages 592 ; .
500 ## - GENERAL NOTE
General note * CSS
942 ## - ADDED ENTRY ELEMENTS (KOHA)
Koha item type Books
Holdings
Withdrawn status Lost status Damaged status Home library Current library Shelving location Date acquired Full call number Accession Number Koha item type Source of acquisition
      KAUAET KAUAET General Stacks 07/04/2012 628.01 SAN/WA 18709 Books  
      KAUAET KAUAET   07/04/2012 628.01 SAN/WA 18478 Books  
      KAUAET KAUAET   07/04/2012 628.01 SAN/WA 21428 Books  
      KAUAET KAUAET   07/04/2012 628.01 SAN/WA 21881 Books  
      KAUAET KAUAET   07/04/2012 628.01 SAN/WA 21880 Books  
      KAUAET KAUAET   30/03/2013 628.01 SAN/WA 24144 Books Aman Book Stall, Calicut
free website counter